A Hero's guide to deadly dragons / (Record no. 3606)

MARC details
000 -LEADER
fixed length control field 01223nam a22002537a 4500
001 - CONTROL NUMBER
control field 3606
003 - CONTROL NUMBER IDENTIFIER
control field FISKH
005 - DATE AND TIME OF LATEST TRANSACTION
control field 20240325142754.0
008 - FIXED-LENGTH DATA ELEMENTS--GENERAL INFORMATION
fixed length control field 240325b cb ||||| |||| 00| 0 eng d
040 ## - CATALOGING SOURCE
Original cataloging agency FISK
Language of cataloging eng
Transcribing agency FISK
Modifying agency FISK
050 ## - LIBRARY OF CONGRESS CALL NUMBER
Classification number PZ7.C83535
082 ## - DEWEY DECIMAL CLASSIFICATION NUMBER
Classification number 823.92
100 ## - MAIN ENTRY--PERSONAL NAME
Personal name Cowell Cressida
Dates associated with a name 1966-
245 ## - TITLE STATEMENT
Title A Hero's guide to deadly dragons /
Statement of responsibility, etc. Cressida Cowell
260 ## - PUBLICATION, DISTRIBUTION, ETC.
Place of publication, distribution, etc. Britain :
Name of publisher, distributor, etc. Hodder Children's Books,
Date of publication, distribution, etc. 2007
300 ## - PHYSICAL DESCRIPTION
Extent 199 pages :
Other physical details illustrations,
Dimensions 21 cm
490 ## - SERIES STATEMENT
Materials specified How to train your dragon
Series statement Book 6
505 ## - FORMATTED CONTENTS NOTE
Formatted contents note U
520 ## - SUMMARY, ETC.
Summary, etc. It's Hiccup's birthday, but that's not going to keep him from getting into trouble. To save his dragon, Toothless, from being banished, Hiccup must sneak into the Meathead Public Library and steal the Viking's most sacred book. But the Vikings see books as a dangerous influence, and keep them locked up and under heavy guard. To save his friend, Hiccup must brave the Hairy Scary Librarian and his dreadful army of Meathead Warriors and face off against the formidable Driller-Dragons. Will he make it out and live to see his next birthday?
521 8# - TARGET AUDIENCE NOTE
Target audience note 980
Source Lexile
700 ## - ADDED ENTRY--PERSONAL NAME
Personal name Cressida Cowell
942 ## - ADDED ENTRY ELEMENTS (KOHA)
Source of classification or shelving scheme Dewey Decimal Classification
Koha item type Books
Suppress in OPAC No
Holdings
Withdrawn status Lost status Source of classification or shelving scheme Damaged status Not for loan Collection Home library Current library Shelving location Date acquired Total Checkouts Full call number Barcode Date last seen Copy number Price effective from Koha item type
    Dewey Decimal Classification     Fiction Footprints International School Library Network Toul Kork Campus Footprints International School Library Network Toul Kork Campus   03/25/2024   COW PZ7.C83535 823.92 2024-0398 03/25/2024 1 03/25/2024 Books